The Public Interest (Record no. 13066)

MARC details
000 -LEADER
fixed length control field 00561nam a22001697a 4500
008 - FIXED-LENGTH DATA ELEMENTS--GENERAL INFORMATION
fixed length control field 091221t xxu||||| |||| 00| 0 eng d
022 ## - INTERNATIONAL STANDARD SERIAL NUMBER
International Standard Serial Number 00333557
082 ## - DEWEY DECIMAL CLASSIFICATION NUMBER
Edition number 22
Classification number 300.5
Item number INT
245 ## - TITLE STATEMENT
Title The Public Interest
260 ## - PUBLICATION, DISTRIBUTION, ETC. (IMPRINT)
Place of publication, distribution, etc New York:
Name of publisher, distributor, etc National affaires,
300 ## - PHYSICAL DESCRIPTION
Extent no. ;
Dimensions 24 cm.
310 ## - CURRENT PUBLICATION FREQUENCY
Current publication frequency Quarterly
505 ## - FORMATTED CONTENTS NOTE
Formatted contents note no.144, summer2001
650 ## - SUBJECT ADDED ENTRY--TOPICAL TERM
9 (RLIN) 10056
Topical term or geographic name as entry element Social sciences
Form subdivision --Periodicals
942 ## - ADDED ENTRY ELEMENTS (KOHA)
Source of classification or shelving scheme Dewey Decimal Classification
Item type Periodical | Journal (NB)
Holdings
Withdrawn status Lost status Source of classification or shelving scheme Damaged status Not for loan Location (home branch) Sublocation or collection (holding branch) Shelving location Date acquired Source of acquisition Koha issues (times borrowed) Koha full call number Piece designation (barcode) Koha date last seen Price effective from Koha item type
    Dewey Decimal Classification     Central Library Central Library First floor 21/12/2009 Donation   300.5 INT 000019284 15/07/2025 21/12/2009 Periodical | Journal (NB)